<?xml version="1.0" encoding="UTF-8"?>
<record
    xmlns:xsi="http://www.w3.org/2001/XMLSchema-instance"
    xsi:schemaLocation="http://www.loc.gov/MARC21/slim http://www.loc.gov/standards/marcxml/schema/MARC21slim.xsd"
    xmlns="http://www.loc.gov/MARC21/slim">

  <leader>01046nam0a2200253   4500</leader>
  <controlfield tag="001">RU\NLR\BIBL_A\011694682</controlfield>
  <controlfield tag="005">20260407070656.0</controlfield>
  <datafield tag="035" ind1=" " ind2=" ">
    <subfield code="a">(NLR Aleph) 011694682</subfield>
  </datafield>
  <datafield tag="090" ind1=" " ind2=" ">
    <subfield code="a">13416772</subfield>
    <subfield code="c">13416772</subfield>
  </datafield>
  <datafield tag="100" ind1=" " ind2=" ">
    <subfield code="a">20180508d1947    |||y0rusy50      ca</subfield>
  </datafield>
  <datafield tag="101" ind1="0" ind2=" ">
    <subfield code="a">chv</subfield>
  </datafield>
  <datafield tag="102" ind1=" " ind2=" ">
    <subfield code="a">RU</subfield>
  </datafield>
  <datafield tag="105" ind1=" " ind2=" ">
    <subfield code="a">y   z   000 y</subfield>
  </datafield>
  <datafield tag="200" ind1="1" ind2=" ">
    <subfield code="a">&#x410;&#x440;&#x438;&#x444;&#x43C;&#x435;&#x442;&#x438;&#x43A;&#x430;</subfield>
    <subfield code="e">&#x4AB;&#x438;&#x447;&#x4D7; &#x4AB;&#x443;&#x43B; &#x432;&#x4D7;&#x440;&#x435;&#x43D;&#x43C;&#x435;&#x43B;&#x43B;&#x438; &#x442;&#x430;&#x442;&#x430; &#x432;&#x4D1;&#x442;&#x430;&#x43C; &#x448;&#x43A;. 5-&#x43C;&#x4D7;&#x448; &#x43A;&#x43B;. &#x432;&#x4D7;&#x440;&#x435;&#x43D;&#x43C;&#x435;&#x43B;&#x43B;&#x438; &#x443;&#x447;&#x435;&#x431;&#x43D;&#x438;&#x43A;</subfield>
    <subfield code="f">&#x410;. &#x41F;. &#x41A;&#x438;&#x441;&#x435;&#x43B;&#x451;&#x432;</subfield>
    <subfield code="g">&#x43F;&#x440;&#x43E;&#x444;. &#x410;. &#x42F;. &#x425;&#x438;&#x43D;&#x447;&#x438;&#x43D; &#x44E;&#x441;&#x430;&#x441;&#x430; &#x43A;&#x4D1;&#x43B;&#x430;&#x440;&#x43D;&#x4D1;</subfield>
  </datafield>
  <datafield tag="205" ind1=" " ind2=" ">
    <subfield code="a">3-&#x43C;&#x4D7;&#x448; &#x438;&#x437;&#x434;.</subfield>
  </datafield>
  <datafield tag="210" ind1=" " ind2=" ">
    <subfield code="a">&#x428;&#x443;&#x43F;&#x430;&#x448;&#x43A;&#x430;&#x440;</subfield>
    <subfield code="c">&#x410;&#x421;&#x421;&#x420; &#x433;&#x43E;&#x441;. &#x438;&#x437;&#x434;-&#x432;&#x438;</subfield>
    <subfield code="d">1947</subfield>
  </datafield>
  <datafield tag="215" ind1=" " ind2=" ">
    <subfield code="a">143,[1] &#x441;.</subfield>
    <subfield code="d">23</subfield>
  </datafield>
  <datafield tag="541" ind1="1" ind2=" ">
    <subfield code="a">&#x410;&#x440;&#x438;&#x444;&#x43C;&#x435;&#x442;&#x438;&#x43A;&#x430;</subfield>
    <subfield code="e">&#x443;&#x447;&#x435;&#x431;&#x43D;&#x438;&#x43A; &#x434;&#x43B;&#x44F; 5-&#x433;&#x43E; &#x43A;&#x43B;. 7-&#x43B;&#x435;&#x442;&#x43D;&#x435;&#x439; &#x438; &#x441;&#x440;&#x435;&#x434;. &#x448;&#x43A;.</subfield>
  </datafield>
  <datafield tag="686" ind1="1" ind2=" ">
    <subfield code="a">&#x412;10</subfield>
  </datafield>
  <datafield tag="700" ind1=" " ind2="1">
    <subfield code="8">rus</subfield>
    <subfield code="7">ca</subfield>
    <subfield code="a">&#x41A;&#x438;&#x441;&#x435;&#x43B;&#x435;&#x432;</subfield>
    <subfield code="b">&#x410;. &#x41F;.</subfield>
    <subfield code="c">&#x43F;&#x435;&#x434;&#x430;&#x433;&#x43E;&#x433;, &#x43C;&#x430;&#x442;&#x435;&#x43C;&#x430;&#x442;&#x438;&#x43A;</subfield>
    <subfield code="f">1852-1940</subfield>
    <subfield code="g">&#x410;&#x43D;&#x434;&#x440;&#x435;&#x439; &#x41F;&#x435;&#x442;&#x440;&#x43E;&#x432;&#x438;&#x447;</subfield>
    <subfield code="3">RU\NLR\AUTH\770166867</subfield>
    <subfield code="9">166820</subfield>
  </datafield>
  <datafield tag="852" ind1=" " ind2=" ">
    <subfield code="a">NLR</subfield>
    <subfield code="b">&#x41E;&#x41D;&#x41B;</subfield>
    <subfield code="j">&#x427;&#x443;&#x432;./3-720</subfield>
  </datafield>
  <datafield tag="942" ind1=" " ind2=" ">
    <subfield code="c">BOOK</subfield>
  </datafield>
  <datafield tag="980" ind1=" " ind2=" ">
    <subfield code="a">NB</subfield>
  </datafield>
  <datafield tag="995" ind1=" " ind2=" ">
    <subfield code="5">2018-05-08</subfield>
    <subfield code="b">NLR01</subfield>
    <subfield code="c">NLR01</subfield>
    <subfield code="e">ONL</subfield>
    <subfield code="f">1-1455470</subfield>
    <subfield code="k">&#x41E;&#x41D;&#x41B; &#x427;&#x443;&#x432;./3-720</subfield>
    <subfield code="o">0</subfield>
    <subfield code="r">BOOK</subfield>
    <subfield code="s">_3720</subfield>
  </datafield>
</record>
